000 00459nam a2200145Ia 4500
003 OSt
005 20260122111332.0
008 211028s2015 xx 000 0 und d
040 _cAIMIT LIBRARY
041 _aeng
100 _aAli, Karishma;James, Justine.
_g1316075
_97348
245 _aStudy on new deposit schemes of savings and current account introduction by corporation bank Mangalore /
260 _aMangalore
_bJustine James
_c2015
942 _2ddc
_cPRO
999 _c218918
_d218918